Valtioita alueiden mukaan #4 - Statistics

Yleistilastot
  • Tätä visaa on pelattu 361 kertaa
  • Keskiarvotulos 10 / 21
Vastaustilastot
Alue Valtio % Oikein
Lappi Suomi
97%
Suez Egypti
82%
Madeira Portugali
82%
Lombardia Italia
70%
Hessen Saksa
70%
Guangdong Kiina
64%
Guam Yhdysvallat
63%
Sulawesi Indonesia
62%
Tahiti Ranska
62%
Tatarstan Venäjä
53%
Friisinmaa Alankomaat
51%
Attika Kreikka
38%
Krabi Thaimaa
38%
Mandalay Myanmar
32%
Penang Malesia
30%
Transdanubia Unkari
25%
Bay of Plenty Uusi-Seelanti
25%
Valais Sveitsi
23%
Oyo Nigeria
15%
Visayas Filippiinit
14%
Antioquia Kolumbia
14%
Ehtoja vastaavia visoja ei löytynyt
Tulosjakauma
Jokaisen tuloksen saaneiden osuus
Persentiili vastausten määrän mukaan
Tuloshistoriasi
Et ole pelannut tätä visaa